MDQL
is popping MORE tags! Check the
thread
!
Quizzes
Events
Quiz Creation
Community
Videos
Private Events
Remove Ads
Sign In
Join for FREE
Feedback
Dark Mode
Quiz Categories
Sports
Geography
Music
Movies
Television
Just For Fun
Miscellaneous
History
Literature
Language
Science
Gaming
Entertainment
Religion
Holiday
For Kids
Quiz Lab
Recent
Popular Today
Quiz Kudos Today
Editor Picks
Curator Picks
Quizzes by...
Day
Popularity
Type
Ratings
Length
Year
Community
Subscriptions
Recent Discussions
Orange Saloon
Badges
Playlists
Quests
Create
Leaderboards
Showdown
Live 5
Trivia Bingo
Activity
Puzzle Library
Sporcle Events
Private Events
Virtual Trivia
Globe League
Become a Host
Pub Owners
SporcleCon
Opinionation
Our Games
Videos
Blog
Mobile Apps
Partnerships
Remove Ads and Go Orange
Feedback
Miscellaneous
Crossword
General Knowledge
Baby Names
Logo
Food
Cars
Numbers
Grab Bag
University
College
Popular
Company
Slogans
Restaurants
Justice
Letter
Miscellaneous
Crossword
General Knowledge
Baby Names
Logo
Food
Cars
Numbers
Grab Bag
University
College
Popular
Company
Slogans
Restaurants
Justice
Letter
Random Quiz
Search Sporcle
×
Quiz Lab
Quiz Lab
Miscellaneous
girl
Type in answers that appear in a list
Type in answers that appear in a list
Classic
Best Score? Go Orange.
'C' Girls Names of 1920 Stats
Can you name the 'C' GIrls Names of 1920?
By
taxi_cabs
15m
71 Questions
322 Plays
322 Plays
322 Plays
Comments
Comments
Give Quiz Kudos
Give Quiz Kudos
-
- Ratings
hide this ad
Replay
Link that replays current quiz
Next Quiz
Link to next quiz in quiz playlist
You Got
0%
They Got
Avg Score
53%
Avg Friend Score
Upgrade to see
Score Distribution
Jump to the score distribution portion of the page
Score
0/71
Timer
15:00
0
Plays Today
Ranking
Name
% Correct
21.
Catherine
94.4%
182.
Carol
92.2%
159.
Caroline
91%
118.
Christine
89.1%
79.
Charlotte
88.5%
333.
Christina
87.9%
44.
Clara
87.6%
137.
Cora
87%
150.
Carolyn
85.7%
195.
Claire
84.5%
121.
Carrie
79.5%
389.
Cynthia
78.9%
292.
Connie
77.3%
524.
Cassie
77%
464.
Cecil
76.1%
237.
Cecilia
75.2%
346.
Callie
73%
435.
Clare
71.4%
165.
Constance
70.5%
717.
Carole
70.5%
520.
Camille
70.2%
622.
Camilla
70.2%
242.
Celia
69.9%
818.
Colleen
69.9%
623.
Carolina
68%
730.
Chloe
68%
383.
Charlene
67.1%
664.
Cathryn
65.8%
328.
Corinne
65.5%
428.
Corinne
65.5%
236.
Carmen
64.9%
490.
Charlie
64%
807.
Clarissa
62.1%
330.
Claudia
59%
217.
Cecelia
58.7%
652.
Crystal
58.1%
Ranking
Name
% Correct
475.
Catharine
56.8%
191.
Cleo
55.9%
277.
Clarice
55%
684.
Carmel
48.8%
584.
Celeste
48.1%
297.
Cecile
43.8%
661.
Cordelia
42.5%
662.
Clementine
42.2%
915.
Charity
42.2%
304.
Carmella
41.9%
307.
Cornelia
41.9%
529.
Claudine
41.9%
564.
Charles
39.4%
893.
Carlene
35.7%
707.
Charline
35.1%
290.
Carmela
34.2%
759.
Cathrine
34.2%
336.
Corine
33.9%
572.
Celestine
33.9%
894.
Clarabelle
28.9%
410.
Consuelo
27.3%
698.
Claudie
25.8%
991.
Clemmie
25.2%
914.
Catalina
24.8%
741.
Clyde
22.4%
941.
Cleora
22.4%
782.
Cleta
21.1%
320.
Concetta
20.5%
742.
Conception
19.6%
981.
Clifford
19.3%
940.
Clarine
18.9%
690.
Corene
17.1%
916.
Christene
16.8%
982.
Cruz
16.8%
886.
Creola
15.2%
Quiz Playlist
Details
Report
Send in Message
Add To Playlist
Classic:
Type in answers that appear in a list
Quiz Source
Last Updated: Feb 16, 2017
Quiz Scoreboard
CHALLENGE
Sign Up to Join the Scoreboard
Show All
Scores
Hide
Comments
May contain spoilers
Recently Published
Colored Red Africa Blitz
by spor1
Geography
30s
Find the 'City' Movie
by crazypaving
Movies
60s
5x2 Blitz: Bands
by SL_Kpop136
Music
30s
More to Explore
Quiz From the Vault
Featured Blog Post
14 Easter Pick-up Lines to Find Eggs With
hide this ad
You Might Also Like...
Tags
1920
girl
Today's Top Quizzes in Miscellaneous
Browse Miscellaneous
hide this ad
Today's Top Quizzes in girl
Browse girl
Top Contributed Quizzes in Miscellaneous
1
The JOE quick-fire general knowledge quiz: Day 174
2
5-to-1: Fast Food
3
9x9 Crossword: Disney Movie Titles
4
9x9 Crossword: Charlie and the Chocolate Factory
5
The JOE quick-fire general knowledge quiz: Day 173
6
9x9 Crossword: 2022 Movies
7
9x9 Crossword: Actors
8
9x9 Crossword: The Simpsons
9
9x9 Crossword: Pixar Movie Titles
10
9x9 Crossword: Flags
Explore More
Trending Topics
Anime
Marvel
Disney
Kpop
Crossword
Harry Potter
NBA
NFL
Song
Country
The Office
Puzzle
Soccer
Pokémon
WWE
hide this ad
More By:
taxi_cabs
Quiz
Plays
Rating
Category
Featured
Created
Top 100 'J' Baby Boy Names (1880s-2000s)
2,828
4.50
Miscellaneous
Oct 9, 2014
Top 100 'B' Baby Boy Names (1880s-2000s)
854
4.78
Miscellaneous
Oct 5, 2014
'-ah' Baby Boy Names (2010)
735
4.50
Miscellaneous
Jun 7, 2011
'A' Baby Boys Names of 1920
629
4.38
Miscellaneous
Jun 6, 2011
Top 60 Baby Boys names in Austria (2009)
440
4.83
Miscellaneous
Aug 16, 2011
Go to Creator's Profile
Score Distribution
Quiz Creator Spotlight
taxi_cabs
Follow
Send a Message
Quizzes Created
-
Created Quiz Play Count
-
More By This Creator
Popular Quizzes Today
1
Colored Red Africa Blitz
2
Find the US States - No Outlines Minefield
3
Find the 'City' Movie
4
5x2 Blitz: Bands
5
The Countries of the World
6
Find the US States
7
Find the Countries of Europe - No Outlines Minefield
8
US States
More Miscellaneous Quizzes
Two Clues: 'H' Words
Published
Trending Quizzes
Colored Red Europe Blitz I
Colored Red Europe Blitz II
Colored Red Africa Blitz II
Colored Red Europe Blitz III
Colored Red Africa Blitz III
Recently Updated
How Do You Spell That?
pecheneg
Godzilla Movies
pecheneg
Grab Bag: 4-10 Letters
pecheneg
2024 March Madness Bracket
pecheneg
Famous TV Couples
Peacemaker
Champions League XIs: Real Madrid
pecheneg
Largest US Cities 1790-2010
pecheneg
Rides in Walt Disney World
pecheneg
Most Oscar Losses (Acting)
pecheneg
Beyoncé Albums
pecheneg
Trending Topics
Disney
Anime
Marvel
NBA
Kpop
Crossword
Harry Potter
Pokémon
Song
NFL
WWE
Soccer
Puzzle
Country
The Office
Your Account Isn't Verified!
In order to create a playlist on Sporcle, you need to verify the email address you used during registration. Go to your
Sporcle Settings
to finish the process.
Report this User
Report this user for behavior that violates our
Community Guidelines
.
Details:
Send Report
Go to the Sporcle.com Mobile Site →
Comments